000
00329nam a2200133Ia 4500
008
240624s9999 xx 000 0 und d
041
_a
eng
082
_a
823 VIN
100
_a
VINCI LEONARDO DA
245
_a
DA VINCI NOTEBOOKS
260
_c
2006
_a
London
_b
Profile Books Ltd.
300
_a
217 : p. : cm. ; 18
365
_c
RS
_b
33
999
_c
10800
_d
10800